000 00249nam a22000977a 4500
008 221207b |||||||| |||| 00| 0 eng d
020 _a9780099546689
100 _aSCHAMA SIMON
_97166
245 _aTHE STORY OF THE JEWS
260 _aLONDON
_bVINTAGE BOOKS
999 _c12190
_d12190